Cardi B Charting Songs (Billboard Hot 100) - Statistics

General Stats
  • This quiz has been taken 262 times
    20 since last reset
  • The average score is 26 of 65
Answer Stats
Album Weeks On Peak Artist(s) Song % Correct
Invasion of Privacy 35 Weeks #1 (3 Weeks) Cardi B Bodak Yellow
100%
Red Pill Blues 52 Weeks #1 (7 Weeks) Maroon 5 ft. Cardi B Girls Like You
100%
Invasion of Privacy 51 Weeks #1 (1 Week) Cardi B ft. Bad Bunny & J Balvin I Like It
100%
Am I the Drama? 24 Weeks #1 (4 Weeks) Cardi B & Megan Thee Stallion WAP
100%
24K Magic 23 Weeks #3 Bruno Mars ft. Cardi B Finesse
94%
Am I the Drama? 20 Weeks #1 (1 Week) Cardi B UP
94%
Tiger Woods 20 Weeks #3 Cardi B & Bruno Mars Please Me
82%
Non-Album Single 7 Weeks #4 Lizzo ft. Cardi B Rumors
82%
Non-Album Single 11 Weeks #14 Cardi B ft. Megan Thee Stallion Bongos
71%
Culture II 22 Weeks #6 Migos, Nicki Minaj & Cardi B Motorsport
71%
Invasion of Privacy 20 Weeks #28 Cardi B ft. Kehlani Ring
71%
The Beautiful & Damned 29 Weeks #4 G-Eazy ft. A$AP Rocky & Cardi B No Limit
65%
Carte Blanche 26 Weeks #11 DJ Snake ft. Ozuna, Cardi B & Selena Gomez Taki Taki
65%
Non-Album Single 20 Weeks #14 Normani ft. Cardi B Wild Side
65%
Invasion of Privacy 20 Weeks #14 Cardi B ft. 21 Savage Bartier Cardi
59%
Tiger Woods 26 Weeks #13 Cardi B Money
59%
Invasion of Privacy 20 Weeks #11 Cardi B Be Careful
53%
Anyways, Life's Great... 22 Weeks #9 GloRilla & Cardi B Tomorrow 2
53%
Invasion of Privacy 10 Weeks #21 Cardi B ft. Migos Drip
47%
Am I the Drama? 19 Weeks #10 Cardi B Outside
47%
Tiger Woods 16 Weeks #16 Cardi B Press
47%
7 9 Weeks #22 Lil Nas X & Cardi B or Nas Rodeo
47%
No. 6 Collaborations Project 12 Weeks #49 Ed Sheeran ft. Camilla Cabello & Cardi B South of the Border
47%
Girl Code 13 Weeks #29 City Girls ft. Cardi B Twerk
47%
Father of 4 20 Weeks #39 Offset ft. Cardi B Clout
41%
Invasion of Privacy 5 Weeks #23 Cardi B ft. SZA I Do
41%
Am I the Drama? 11 Weeks #26 Cardi B ft. Kehlani Safe
41%
Father of Asahd 15 Weeks #19 DJ Khaled ft. Cardi B & 21 Savage Wish Wish
41%
Non-Album Single 20 Weeks #40 Pardison Fontaine ft. Cardi B Backin' It Up
35%
Invasion of Privacy 3 Weeks #39 Cardi B ft. Chance The Rapper Best Life
35%
Still Over It 1 Week #25 Summer Walker & Cardi B Bitter
35%
Am I the Drama? 3 Weeks #46 Cardi B Hello
35%
Non-Album Single 12 Weeks #13 Cardi B ft. Kanye West & Lil Durk Hot Shit
35%
Am I the Drama? 4 Weeks #43 Cardi B Pretty & Petty
35%
Non-Album Single 3 Weeks #51 Kay Flock, Cardi B & Dougie ft. Bory300 Shake It
35%
Am I the Drama? 20 Weeks #43 Cardi B ErrTime
29%
Am I the Drama? 4 Weeks #37 Cardi B Magnet
29%
Am I the Drama? 2 Weeks #45 Cardi B ft. Selena Gomez Pick It Up
29%
Sugar Honey Iced Tea 16 Weeks #13 Latto ft. Cardi B Put It On Da Floor Again
29%
Invasion of Privacy 2 Weeks #57 Cardi B & YG She Bad
29%
Invasion of Privacy 3 Weeks #50 Cardi B Thru Your Phone
29%
Am I the Drama? 2 Weeks #47 Cardi B ft. Summer Walker Dead
24%
Non-Album Single 1 Week #80 Jennifer Lopez ft. DJ Khaled & Cardi B Dinero
24%
Invasion of Privacy 2 Weeks #38 Cardi B Get Up 10
24%
Non-Album Single 3 Weeks #55 Offset & Cardi B Jealousy
24%
Invasion of Privacy 2 Weeks #58 Cardi B Money Bag
24%
Invasion of Privacy 2 Weeks #43 Cardi B Bickenhead
18%
Am I the Drama? 2 Weeks #53 Cardi B Bodega Baddie
18%
Non-Album Single 14 Weeks #9 Cardi B Enough (Miami)
18%
Am I the Drama? 2 Weeks #66 Cardi B Imaginary Playerz
18%
Non-Album Single 3 Weeks #39 Cardi B Like What (Freestyle)
18%
Championships 2 Weeks #30 Meek Mill ft. Cardi B On Me
18%
Las Mujeres Ya No Lloran 1 Week #72 Shakira & Cardi B Punteria
18%
Montana 3 Weeks #56 French Montana ft. Post Malone, Cardi B & Rvssian Writing on the Wall
18%
Am I the Drama? 1 Week #85 Cardi B ft. Cash Cobain Better Than You
12%
Khaled Khaled 1 Week #84 DJ Khaled ft. Cardi B Big Paper
12%
Aura 14 Weeks #52 Ozuna ft. Cardi B La Modelo
12%
Am I the Drama? 1 Wek #70 Cardi B Man of Your Word
12%
Am I the Drama? 1 Week #92 Cardi B ft. Janet Jackson Principal
12%
Am I the Drama? 1 Week #73 Cardi B ft. Dougie F Salute
12%
Culture III 1 Week #71 Migos & Cardi B Type Shit
12%
Am I the Drama? 2 Weeks #63 Cardi B ft. Lizzo What's Goin On
12%
Girl from Rio 1 Week #91 Anitta ft. Cardi B & Myke Towers Me Gusta
6%
Non-Album Single 1 Week #82 FendiDa Rappa & Cardi B Point Me 2
6%
Am I the Drama? 1 Week #81 Cardi B ft. Summer Walker Shower Tears
6%
No matching quizzes found
Score Distribution
Percent of People with Each Score
Percentile by Number Answered
Your Score History
You have not taken this quiz since the last reset